书目信息 |
| 题名: |
实用胶粘剂配方手册 研制 生产 应用
|
|
| 作者: | 翟海潮 编著 | |
| 分册: | ||
| 出版信息: | 北京 化学工业出版社 1997.01 |
|
| 页数: | 868页 | |
| 开本: | 32开 | |
| 丛书名: | ||
| 单 册: | ||
| 中图分类: | TQ430.4 | |
| 科图分类: | ||
| 主题词: | 胶粘剂--化学工业 | |
| 电子资源: | ||
| ISBN: | 7-5025-1730-8 | |
| 000 | 00599nam0 2200181 45 | |
| 001 | 0010021547 | |
| 005 | 20101207105429.78 | |
| 010 | @a7-5025-1730-8@d43.00元 | |
| 100 | @a20001002d1997 km y0chiy0120 ea | |
| 101 | 0 | @achi |
| 200 | 1 | @a实用胶粘剂配方手册 研制 生产 应用@AShi Yong Jiao Nian Ji Pei Fang Shou Ce Yan Zhi ShengChan Ying Yong@f翟海潮等编著@FZhai Hai Chao Deng Bian Zhu |
| 210 | @a北京@c化学工业出版社@d1997.01 | |
| 215 | @a868页@d32开 | |
| 606 | 0 | @a胶粘剂@x化学工业 |
| 690 | @aTQ430.4@v3 | |
| 701 | 0 | @a翟海潮@4编著 |
| 801 | @aCN@bPftUser@c20101207 | |
| 905 | @b167319-323@dTQ430.4@eZH112@f5 | |
| 实用胶粘剂配方手册 研制 生产 应用/翟海潮等编著.-北京:化学工业出版社,1997.01 |
| 868页;32开 |
| ISBN 7-5025-1730-8:43.00元 |
| ● |
| 相关链接 |
|
|
|
正题名:实用胶粘剂配方手册 研制 生产 应用
索取号:TQ430.4/ZH112
 
预约/预借
| 序号 | 登录号 | 条形码 | 馆藏地/架位号 | 状态 | 备注 |
| 1 | 167319 | 201673199 | 自科库501/501自科库 39排5列2层/ [索取号:TQ430.4/ZH112] | 在馆 | |
| 2 | 167320 | 201673206 | 自科二线504/504自科库 27排2列1层/ [索取号:TQ430.4/ZH112] | 在馆 | |
| 3 | 167321 | 201673215 | 自科二线504/504自科库 27排2列1层/ [索取号:TQ430.4/ZH112] | 在馆 | |
| 4 | 167322 | 201673224 | 自科二线504/110考试书库 5排2列2层/ [索取号:TQ430.4/ZH112] | 在馆 | |
| 5 | 167323 | 201673233 | 期刊室512/501自科库 39排5列2层/ [索取号:TQ430.4/ZH112] | 在馆 | |
| 6 | 824986 | 208249867 | 材料与化工学院资料室/ [索取号:TQ430.4/ZH112] | 在馆 |